| 000 | 00563nam a22001577a 4500 | ||
|---|---|---|---|
| 003 | OSt | ||
| 005 | 20150927153237.0 | ||
| 008 | 150927b xxu||||| |||| 00| 0 eng d | ||
| 040 | _cRUA | ||
| 082 | _aAGR SIM 2001 B012 Or.1 | ||
| 100 |
_91433 _aSIM, VANNAK. |
||
| 245 | _aMelon obser vation in rainny season 2001, ពិសោធន៏តាមដានពូជមីឡុងក្នុងលក្ខខ៏ណ្ឌរដូវវស្សាសឆ្នាំ២០០១ | ||
| 260 |
_aPhnom Penh _bRUA _c2001 |
||
| 300 |
_a60p. _bill. _c29cm. |
||
| 942 |
_2ddc _cAGR |
||
| 999 |
_c1347 _d1347 |
||